MARC

LEADER 00000nam0a2200000 4500
001 353933
005 20231102010636.0
035 |a (RuTPU)RU\TPU\retro\11191 
090 |a 353933 
100 |a 20200608d1972 m y0rusy50 ca 
101 0 |a rus 
102 |a RU 
105 |a a j 000zy 
200 1 |a Пособие по элементарной математике  |f Красноярский политехнический институт ; под ред. М. Т. Попова 
210 |a Красноярск  |c Изд-во КПИ  |d 1972 
215 |a 264 с.  |c ил. 
606 1 |a Математика  |2 stltpush  |3 (RuTPU)RU\TPU\subj\67327  |9 83171 
610 1 |a учебные пособия 
610 1 |a числа 
610 1 |a функции 
610 1 |a последовательности 
610 1 |a математическая индукция 
610 1 |a неравенства 
610 1 |a комплексные числа 
610 1 |a многочлены 
610 1 |a числовые последовательности 
610 1 |a обратные функции 
610 1 |a интегральное исчисление 
610 1 |a дифференциальные уравнения 
610 1 |a теория вероятности 
675 |a 51(075)  |v 4 
702 1 |a Попов  |b М. Т.  |4 340 
712 0 2 |a Красноярский политехнический институт  |c (1956-1993)  |2 stltpush  |3 (RuTPU)RU\TPU\col\272  |9 23315 
801 1 |a RU  |b 63413507  |c 20200608 
801 2 |a RU  |b 63413507  |c 20201204  |g RCR 
942 |c BK